000 00683nam a2200277Ia 4500
005 20260324123751.0
008 008 260324s9999 xx 000 0 eng d
020 _a9781003021933
037 _aEBOOK
040 _aCRL
040 _beng
040 _cCRL
041 _2eng
041 _aeng
084 _qCRL
100 _aC.A.M. Klerks-van de Nouland; H.J.M van Sten-van 't Hoff
_91171575
245 0 _aIntroduction to the Accounting Process
260 _bTaylor and Francis
260 _c2011
365 _a
365 _b265
856 _uhttp://www.taylorfrancis.com/books/9781003021933
942 _cEBOOK
999 _c1765371
_d1765371